| 000 | 02201nka a2200361 i 4500 | ||
|---|---|---|---|
| 001 | 102993 | ||
| 003 | ES-MaACL | ||
| 005 | 20250823063058.0 | ||
| 007 | k | ||
| 008 | 051223e1808 sp --- | |r00 c|spa | ||
| 100 | 1 |
_aEsteve Vilella, Rafael, _d1772-1847 _eetr _9167313 |
|
| 245 | 1 | 0 |
_aJacob trocando las manos quando bendice a los hijos de Josef _h[Material gráfico] / _cFrancº. Barbieri vulgo Guercino pintó ; Josef Martinez dibuxó ; Rafael Esteve Grabador de Cámara lo grabó en Madrid año 1808 |
| 260 |
_a[Madrid] : _bSe halla en la Real Calcografía, _c1808 |
||
| 300 |
_a1 estampa : _bgrabado calcográfico ; _c450 x 500 mm |
||
| 490 | 1 |
_aColección facticia de grabados ; _v37 _9184692 |
|
| 500 | _aInscripción: "Jacob trocando las manos quando bendice á los hijos de Josef. Quadro célebre de Francisco Barbieri llamado vulgarmente Guercino de Cento" | ||
| 530 | _aDisponible en formato digital | ||
| 594 | _aEl cuadro original de Guercino se encuentra actualmente en la Galería Nacional de Irlanda. Fue pintado para el cardenal Giacopo Serra en 1620, perteneció a Juan Alfonso Enriquez de Cabrera, 9º almirante de Castilla, quien lo depositó en la iglesia de San Pascual Bailón. Posteriormente pasó a manos de Godoy (1803), momento en que Esteve realizó este grabado. Tras la caída de Godoy pasó por varias colecciones hasta ser adquirido en 2008 por la Galería Nacional de Irlanda | ||
| 600 | 0 | 4 |
_aJacob (Personaje bíblico) _9241929 |
| 650 | 7 |
_aPersonajes bíblicos _2embne _9168952 |
|
| 655 | 7 |
_aGrabados calcográficos _2tgfbne _9241761 |
|
| 655 | 7 |
_aGrabados _2tgfbne _9226846 |
|
| 655 | 4 |
_aReproducciones de obras de arte _9241931 |
|
| 700 | 0 |
_aIl Guercino, _d1591-1666 _eart _965164 |
|
| 700 | 1 |
_aMartínez, José, _ds. XIX _edrm _977769 |
|
| 710 | 2 |
_aCalcografía Nacional (España) _eedt _92350 |
|
| 830 | 0 |
_aColección facticia de grabados ; _v37 _9184692 |
|
| 852 | 4 |
_aES-MaACL _cDEPO2 _jGF-2(37) |
|
| 856 | 4 |
_uhttps://www.academiacolecciones.com/estampas/inventario.php?id=GR-3024 _yVersión en línea _z(Real Academia de Bellas Artes de San Fernando) |
|
| 942 |
_2udc _cDIBGRB _n0 |
||
| 999 |
_c102993 _d102993 |
||